书目信息 |
| 题名: |
公民民事问题法律向导
|
|
| 作者: | 陈正云 , 孙明 编著 | |
| 分册: | ||
| 出版信息: | 北京 法律出版社 2000.01 |
|
| 页数: | 311页 | |
| 开本: | 32开 | |
| 丛书名: | ||
| 单 册: | ||
| 中图分类: | D923.05 | |
| 科图分类: | ||
| 主题词: | 法律--中国 | |
| 电子资源: | ||
| ISBN: | 7-5036-2928-2 | |
| 000 | 00612nam0 2200205 45 | |
| 001 | 0010261044 | |
| 005 | 20001026114826.7 | |
| 010 | @a7-5036-2928-2@d15.00元 | |
| 100 | @a20001026d2000 km y0chiy0120 ea | |
| 101 | 0 | @achi |
| 105 | @a z 000yy | |
| 200 | 1 | @a公民民事问题法律向导@AGong Min Min Shi Wen Ti Fa Lu Xiang Dao@f陈正云,孙明编著@FChen Zheng Yun,Sun MingBian Zhu |
| 210 | @a北京@c法律出版社@d2000.01 | |
| 215 | @a311页@d32开 | |
| 606 | 0 | @a法律@x中国 |
| 690 | @aD923.05@v3 | |
| 701 | 0 | @a陈正云@4编著 |
| 701 | 0 | @a孙明@4编著 |
| 801 | @aCN@bPftUser@c20001026 | |
| 905 | @b190281-283@dD923.05@eCH933@f3 | |
| 公民民事问题法律向导/陈正云,孙明编著.-北京:法律出版社,2000.01 |
| 311页;32开 |
| ISBN 7-5036-2928-2:15.00元 |
| ● |
| 相关链接 |
|
|
|
正题名:公民民事问题法律向导
索取号:D923.05/CH933
 
预约/预借
| 序号 | 登录号 | 条形码 | 馆藏地/架位号 | 状态 | 备注 |
| 1 | 190281 | 201902815 | 社科库509/509社科库 91排7列6层/ [索取号:D923.05/CH933] | 在馆 | |
| 2 | 190282 | 201902824 | 社科库509/509社科库 91排7列6层/ [索取号:D923.05/CH933] | 在馆 | |
| 3 | 190283 | 201902833 | 社科库509/509社科库 91排7列6层/ [索取号:D923.05/CH933] | 在馆 |